| 000 | 00546nam a22001817a 4500 | ||
|---|---|---|---|
| 003 | OSt | ||
| 005 | 20140310182435.0 | ||
| 008 | 130220t xxu||||| |||| 00| 0 eng d | ||
| 020 | _a9780853698616 | ||
| 050 |
_aRM 671.A1 _b.M159 2010 |
||
| 100 |
_aMackowiak, Elaine D. _97381 |
||
| 245 |
_aEssentials of nonprescription medications and devices / _cElaine D. Mackowiak |
||
| 260 |
_aLondon : _bPharmaceutical Pr., _cc2010. |
||
| 300 |
_avii, [4], 228 p. : _c24 cm. _bcharts. ; |
||
| 650 |
_aDrugs _98597 |
||
| 942 |
_2lcc _cSSLC |
||
| 999 |
_c13431 _d13431 |
||